000 00312nam a22001337a 4500
008 171027b xxu||||| |||| 00| 0 eng d
020 _a9780801847431
041 _aeng
080 _22ND
_a336
100 _a56
101 _aFIN
245 _aTHE ORDER OF ECONOMIC LIBERALIZATION
_cKINNON,R.I
942 _2udc
_cBK
999 _c36235
_d36235